| 000 | 01037cam a2200253 a 4500 | ||
|---|---|---|---|
| 001 | 3055368 | ||
| 005 | 20250424135322.0 | ||
| 008 | 961216s1997 nyua 000 0 eng | ||
| 020 | _a0471179981 (cloth : alk. paper) | ||
| 050 | 0 | 0 |
_aHC102.5.A2 _bE75 1997 |
| 082 | 0 | 0 |
_a658.4/21 _221 |
| 100 | 1 | _aEricksen, Gregory K. | |
| 245 | 1 | 0 |
_aWhat's luck got to do with it? : _bTwelve entrepreneurs reveal the secrets behind their success / _cGregory K. Ericksen ; Ernst & Young LLP. |
| 260 |
_aNew York : _bWiley, _cc1997. |
||
| 300 |
_axv, 231 p. : _bill. ; _c24 cm. |
||
| 650 | 0 |
_aBusinesspeople _zUnited States. |
|
| 650 | 0 |
_aEntrepreneurship _zUnited States. |
|
| 650 | 0 |
_aSuccess _zUnited States. |
|
| 710 | 2 | _aErnst & Young. | |
| 856 | 4 | 2 |
_3Contributor biographical information _uhttp://www.loc.gov/catdir/bios/wiley044/96053187.html |
| 856 | 4 | 2 |
_3Publisher description _uhttp://www.loc.gov/catdir/description/wiley037/96053187.html |
| 856 | 4 |
_3Table of Contents _uhttp://www.loc.gov/catdir/toc/onix03/96053187.html |
|
| 942 |
_2lcc _cBK _n0 |
||
| 999 |
_c5528 _d5528 |
||